[Event "SR 2. liga A 2015/2016"]
[Site "?"]
[Date "2016.02.13"]
[Round "8.5"]
[White "Bednar, Jan"]
[Black "Slapak, Zdenek"]
[Result "0-1"]
[WhiteElo "2107"]
[BlackElo "2096"]
[PlyCount "84"]
[EventDate "2015.??.??"]

1. d4 Nf6 2. e3 d5 3. Bd3 e6 4. Nf3 Be7 5. O-O O-O 6. b3 b6 7. Bb2 Bb7 8. Ne5
Nbd7 9. f4 Ne4 10. Nd2 f5 11. Qe2 c5 12. Rf3 Nxe5 13. fxe5 Rc8 14. Rff1 c4 15.
bxc4 Nxd2 16. Qxd2 dxc4 17. Be2 c3 18. Bxc3 Qc7 19. Bb4 Qxc2 20. Qxc2 Rxc2 21.
Bxe7 Rxe2 22. Rf2 Rxf2 23. Kxf2 Rc8 24. Re1 Kf7 25. Bd6 Rc2+ 26. Re2 Rxe2+ 27.
Kxe2 Bxg2 28. Kd3 g5 29. Bb8 a6 30. a3 Ke8 31. Bc7 b5 32. Kc3 Kd7 33. Bb6 h5
34. Kd2 h4 35. Ke2 g4 36. Kf2 Be4 37. Ba5 Kc6 38. Bd8 h3 39. Bh4 Kd5 40. Bd8
Kc4 41. Ba5 Kb3 42. Bb4 a5 0-1

[Event "SR 2. liga A 2015/2016"]
[Site "?"]
[Date "2016.02.13"]
[Round "8.5"]
[White "Kolcak, Marek"]
[Black "Petrik, Stanislav"]
[Result "1-0"]
[WhiteElo "2066"]
[BlackElo "2134"]
[PlyCount "59"]
[EventDate "2015.??.??"]

1. e4 c5 2. Nf3 Nc6 3. d4 cxd4 4. Nxd4 g6 5. c4 Bg7 6. Be3 b6 7. Nc3 Bb7 8. Be2
Nf6 9. f4 O-O 10. Bf3 Na5 11. b3 d6 12. O-O a6 13. Rc1 e5 14. Nde2 exf4 15.
Nxf4 b5 16. Ncd5 Nc6 17. Bb6 Qd7 18. Nxf6+ Bxf6 19. Bg4 Qe8 20. Nd5 Bg5 21. Nc7
Qxe4 22. Bf3 Qe7 23. cxb5 Nd8 24. Nxa8 Bxc1 25. Qxc1 Bxf3 26. Rxf3 Qb7 27. Bxd8
Rxd8 28. Qc7 Qxa8 29. Rxf7 Qd5 30. Rg7+ 1-0

[Event "SR 2. liga A 2015/2016"]
[Site "?"]
[Date "2016.02.13"]
[Round "8.5"]
[White "Polacik, Igor"]
[Black "Cambel, Vladimir"]
[Result "1/2-1/2"]
[WhiteElo "2131"]
[BlackElo "2049"]
[PlyCount "28"]
[EventDate "2015.??.??"]

1. c4 Nf6 2. Nc3 g6 3. d4 Bg7 4. e4 d6 5. Be2 O-O 6. Bg5 b5 7. e5 b4 8. exf6
exf6 9. Bxf6 Bxf6 10. Nd5 Bg7 11. Bf3 c6 12. Ne2 a5 13. Ne3 Ra7 14. O-O Re8
1/2-1/2

[Event "SR 2. liga A 2015/2016"]
[Site "?"]
[Date "2016.02.13"]
[Round "8.5"]
[White "Sulek, Viliam"]
[Black "Nemsak, Denis"]
[Result "0-1"]
[WhiteElo "2067"]
[BlackElo "2105"]
[PlyCount "88"]
[EventDate "2015.??.??"]

1. e4 d5 2. exd5 Nf6 3. d4 Nxd5 4. c4 Nb6 5. Nf3 g6 6. Be2 Bg7 7. h3 O-O 8. O-O
Nc6 9. Nc3 Nxd4 10. Nxd4 Bxd4 11. Qb3 c6 12. a4 e5 13. Bh6 Re8 14. Rad1 Nd7 15.
Qc2 Nc5 16. Bg4 Bxg4 17. hxg4 Qh4 18. g5 a5 19. Rfe1 Rad8 20. Re2 e4 21. Nd5
Nd3 22. Ne3 Qf4 23. Rf1 Nxf2 24. Qc1 Bxe3 25. Rxe3 Rd3 26. Rfe1 Ng4 27. Rxd3
Qh2+ 28. Kf1 Qh1+ 29. Ke2 exd3+ 30. Kd2 Qxg2+ 31. Kc3 Rd8 32. Qd2 Qxd2+ 33.
Kxd2 Nxh6 34. gxh6 Kf8 35. Re5 f5 36. Rxa5 f4 37. Re5 Kf7 38. Re4 g5 39. c5 Kg6
40. Re6+ Kh5 41. b4 g4 42. Re7 Kxh6 43. Rxb7 g3 44. Re7 f3 0-1

[Event "SR 2. liga A 2015/2016"]
[Site "?"]
[Date "2016.02.13"]
[Round "8.5"]
[White "Petrik, Karol"]
[Black "Sturc, Gustav"]
[Result "1-0"]
[WhiteElo "2110"]
[BlackElo "2024"]
[PlyCount "103"]
[EventDate "2015.??.??"]

1. e4 e5 2. Nf3 Nc6 3. Bb5 a6 4. Ba4 d6 5. c3 f5 6. d3 Nf6 7. Qe2 fxe4 8. dxe4
Bg4 9. h3 Bh5 10. Nbd2 Qd7 11. Nf1 O-O-O 12. Ng3 Bf7 13. O-O h6 14. Rd1 Qe8 15.
b4 Be6 16. Bb3 Bd7 17. a4 Nb8 18. Be3 g5 19. Nh2 Qg6 20. b5 a5 21. c4 g4 22. c5
dxc5 23. hxg4 b6 24. Qa2 Rh7 25. f3 h5 26. g5 h4 27. Nf5 Ne8 28. Ng4 Bd6 29.
Bg8 Rg7 30. Nxg7 Qxg7 31. Qf7 Bxg4 32. fxg4 Nd7 33. Rf1 Nf8 34. Rad1 Qxf7 35.
Bxf7 Ng7 36. g6 Nfe6 37. Bh6 c4 38. Bxe6+ Nxe6 39. g7 Nf4 40. Bxf4 exf4 41. e5
Bc5+ 42. Kh1 Rg8 43. Rxf4 c3 44. Rc1 Rxg7 45. Rxc3 Re7 46. Re4 Bf2 47. Rf3 Bg3
48. e6 Re8 49. e7 Kd7 50. g5 Bd6 51. g6 Bxe7 52. g7 1-0

[Event "SR 2. liga A 2015/2016"]
[Site "?"]
[Date "2016.02.13"]
[Round "8.5"]
[White "Breja, Stanislav"]
[Black "Krajnak, Robert"]
[Result "0-1"]
[WhiteElo "1989"]
[BlackElo "2118"]
[PlyCount "60"]
[EventDate "2015.??.??"]

1. e4 c5 2. c3 b6 3. d4 Bb7 4. Bd3 Nf6 5. Qe2 cxd4 6. cxd4 Nc6 7. Nf3 Nb4 8.
Nc3 Nxd3+ 9. Qxd3 e6 10. O-O Be7 11. Re1 O-O 12. Bg5 h6 13. Bh4 d5 14. e5 Ne4
15. Bxe7 Qxe7 16. Nd2 Nxc3 17. Qxc3 Rfc8 18. Qb3 Qg5 19. Nf3 Qf4 20. g3 Qg4 21.
Kg2 Qf5 22. Rac1 Rc4 23. Qe3 Rac8 24. b3 Rc2 25. Rxc2 Qxc2 26. Re2 Qb1 27. Qd2
Ba6 28. Re1 Qc2 29. Rd1 Be2 30. Ne1 Qxd1 0-1

[Event "SR 2. liga A 2015/2016"]
[Site "?"]
[Date "2016.02.13"]
[Round "8.5"]
[White "Orosi, Peter"]
[Black "Vadila, Ondrej"]
[Result "1-0"]
[WhiteElo "2060"]
[BlackElo "1705"]
[PlyCount "111"]
[EventDate "2015.??.??"]

1. e4 c5 2. c3 d6 3. d4 Nf6 4. dxc5 dxc5 5. Qxd8+ Kxd8 6. e5 Nd5 7. Nf3 Nc6 8.
Bc4 e6 9. O-O Nb6 10. Bb5 Bd7 11. Rd1 Ke8 12. a4 a6 13. Bd3 c4 14. Be4 Na5 15.
Be3 Nxa4 16. Rxd7 Kxd7 17. Rxa4 Nc6 18. Rxc4 Be7 19. Nbd2 Rac8 20. Ra4 Bd8 21.
Kf1 Ra8 22. Ra1 Bc7 23. Nc4 Rad8 24. Nb6+ Bxb6 25. Bxb6 Rc8 26. Rd1+ Ke7 27.
Ke2 g5 28. Nxg5 Nxe5 29. Bxb7 Rb8 30. Bc5+ Kf6 31. Ne4+ Kg6 32. Bxa6 Rxb2+ 33.
Rd2 Rhb8 34. Bd6 Rxd2+ 35. Nxd2 Rb6 36. Bxe5 Rxa6 37. Kd3 f6 38. Bd4 e5 39. Bc5
f5 40. c4 e4+ 41. Ke3 Kg5 42. Kd4 Ra2 43. Ke5 Ra8 44. Be3+ Kg6 45. Ke6 Rf8 46.
g3 Re8+ 47. Kd7 Kf7 48. c5 Re7+ 49. Kd6 Re6+ 50. Kc7 Re7+ 51. Kb6 Ke8 52. c6
Re6 53. Kb7 Re7+ 54. Kb8 Re5 55. Nc4 Rb5+ 56. Nb6 1-0

[Event "SR 2. liga A 2015/2016"]
[Site "?"]
[Date "2016.02.13"]
[Round "8.6"]
[White "Janos, Martin"]
[Black "Balogh, Peter"]
[Result "1/2-1/2"]
[WhiteElo "2258"]
[BlackElo "2166"]
[PlyCount "48"]
[EventDate "2015.??.??"]

1. e4 e5 2. d4 exd4 3. Nf3 Nc6 4. Nxd4 Nf6 5. Nxc6 bxc6 6. Bd3 d5 7. e5 Ng4 8.
Bf4 Bc5 9. Bg3 O-O 10. h3 Nxe5 11. O-O Nxd3 12. cxd3 Qg5 13. d4 Bd6 14. Bxd6
cxd6 15. Qc1 Qg6 16. Qxc6 Bxh3 17. Qxd5 Rab8 18. Na3 Rxb2 19. Qf3 Bf5 20. Rfe1
h5 21. Nc4 Rb4 22. Ne3 Be4 23. Qf4 Ba8 24. f3 Rb5 1/2-1/2

[Event "SR 2. liga A 2015/2016"]
[Site "?"]
[Date "2016.02.13"]
[Round "8.6"]
[White "Takacs, Laszlo"]
[Black "Fabry, Robert"]
[Result "1-0"]
[WhiteElo "2182"]
[BlackElo "2103"]
[PlyCount "133"]
[EventDate "2015.??.??"]

1. d4 Nf6 2. c4 e6 3. Nc3 d5 4. cxd5 exd5 5. Bg5 Be7 6. e3 c6 7. Bd3 Ne4 8.
Bxe7 Nxc3 9. bxc3 Qxe7 10. Qc2 h6 11. Nf3 Nd7 12. Rb1 O-O 13. g4 Re8 14. Rg1
Nf8 15. g5 hxg5 16. Nxg5 Ne6 17. Nxe6 Qxe6 18. Kd2 Qf6 19. Kc1 Qh4 20. Kb2 Qxh2
21. Rg3 b5 22. Rbg1 Qh6 23. f4 a6 24. Qg2 Kf8 25. Rh1 Qf6 26. Rh8+ Ke7 27.
Rxe8+ Kxe8 28. Rxg7 Ke7 29. Rg5 Bd7 30. e4 dxe4 31. Qxe4+ Kd6 32. Qe5+ Qxe5 33.
dxe5+ Kd5 34. Rg7 Rf8 35. Kc2 c5 36. Kd2 a5 37. Ke3 b4 38. c4+ Ke6 39. Be4 a4
40. Rh7 a3 41. Rh6+ Ke7 42. f5 Rg8 43. Ra6 Rg1 44. f6+ Kd8 45. Ra8+ Kc7 46.
Ra7+ Kd8 47. Bd5 Re1+ 48. Kf4 Rf1+ 49. Kg5 Rg1+ 50. Kh6 Be8 51. Ra8+ Kd7 52.
Ra6 Kd8 53. Ra8+ Kd7 54. Ra7+ Kd8 55. Be4 Re1 56. Ra8+ Kc7 57. Rxe8 b3 58. axb3
Rxe4 59. Ra8 Rxe5 60. Kg7 Re3 61. Rxa3 Kd7 62. Kxf7 Rg3 63. Ra5 Rxb3 64. Rxc5
Rc3 65. Rd5+ Kc6 66. Re5 Kd6 67. Re4 1-0

[Event "SR 2. liga A 2015/2016"]
[Site "?"]
[Date "2016.02.13"]
[Round "8.6"]
[White "Tepper, Frantisek"]
[Black "Kalmar, Tamas"]
[Result "1/2-1/2"]
[WhiteElo "2117"]
[BlackElo "2021"]
[PlyCount "37"]
[EventDate "2015.??.??"]

1. e4 c6 2. d4 d5 3. Nc3 g6 4. Nf3 Bg7 5. h3 dxe4 6. Nxe4 Nf6 7. Nxf6+ exf6 8.
Bd3 O-O 9. O-O Be6 10. Be3 Nd7 11. c4 Re8 12. Qd2 Nb6 13. Rac1 Qd7 14. b3 Rad8
15. Qc2 Nc8 16. Rfd1 Ne7 17. d5 cxd5 18. Bxa7 Rc8 19. Qb1 1/2-1/2

[Event "SR 2. liga A 2015/2016"]
[Site "?"]
[Date "2016.02.13"]
[Round "8.6"]
[White "Veselsky, Jozef"]
[Black "Janos, Jozef"]
[Result "0-1"]
[WhiteElo "2099"]
[BlackElo "2120"]
[PlyCount "46"]
[EventDate "2015.??.??"]

1. d4 Nf6 2. Nf3 g6 3. c4 Bg7 4. Nc3 d5 5. Bg5 Ne4 6. Bh4 Nxc3 7. bxc3 O-O 8.
e3 c5 9. cxd5 cxd4 10. cxd4 Qxd5 11. Bxe7 Re8 12. Bb4 Nc6 13. Bc3 Bg4 14. Be2
Bxf3 15. gxf3 Rac8 16. Qd2 Bxd4 17. exd4 Qxf3 18. O-O Rxe2 19. Qd1 Rce8 20. d5
R8e4 21. h3 Qxh3 22. Qxe2 Rxe2 23. dxc6 Re4 0-1

[Event "SR 2. liga A 2015/2016"]
[Site "?"]
[Date "2016.02.13"]
[Round "8.6"]
[White "Mikulas, Dusan"]
[Black "Ivan, Imrich Ml"]
[Result "1-0"]
[WhiteElo "2060"]
[BlackElo "2007"]
[PlyCount "123"]
[EventDate "2015.??.??"]

1. e4 e6 2. d4 d5 3. e5 c5 4. c3 Nc6 5. Nf3 Qb6 6. a3 a5 7. Bd3 c4 8. Bc2 Qa7
9. O-O a4 10. Ng5 g6 11. f4 b5 12. Qe1 h6 13. Nf3 Nge7 14. g4 Bd7 15. Nh4 O-O-O
16. f5 g5 17. Ng2 Na5 18. Ne3 h5 19. h3 hxg4 20. hxg4 Nec6 21. f6 Rh4 22. Kg2
Nxe5 23. dxe5 d4 24. cxd4 Bc6+ 25. d5 exd5 26. Kg3 d4 27. Bf5+ Kb8 28. Nxc4
Nxc4 29. Bxg5 Rh8 30. Nd2 Ne3 31. Bxe3 dxe3 32. Nf3 Bc5 33. Qe2 Bd4 34. Rh1
Bxf3 35. Kxf3 Qc5 36. Qc2 Qxe5 37. Rac1 Rxh1 38. Rxh1 Bb6 39. Qc3 Qd6 40. Qb4
Qc6+ 41. Qe4 Qxf6 42. Rc1 Qd4 43. Qe7 Qxb2 44. Rc2 Qa1 45. Be4 Qd1+ 46. Kg3
Qd6+ 47. Qxd6+ Rxd6 48. Kf3 Bd4 49. Bc6 Rf6+ 50. Ke2 b4 51. axb4 a3 52. Bd5 Rf4
53. g5 Rf5 54. Ba2 Kb7 55. Kd3 Bb6 56. Rg2 Rf4 57. b5 Bc5 58. Bc4 Kb6 59. g6
fxg6 60. Rxg6+ Ka5 61. Kc3 Bb4+ 62. Kb3 1-0

[Event "SR 2. liga A 2015/2016"]
[Site "?"]
[Date "2016.02.13"]
[Round "8.6"]
[White "Vegh, Vince"]
[Black "Sturc, Jan"]
[Result "1-0"]
[WhiteElo "1946"]
[BlackElo "2058"]
[PlyCount "93"]
[EventDate "2015.??.??"]

1. e4 c5 2. Nf3 Nc6 3. d4 cxd4 4. Nxd4 Nf6 5. Nc3 e5 6. Ndb5 d6 7. Bg5 a6 8.
Na3 b5 9. Nd5 Be7 10. Bxf6 Bxf6 11. c3 Bg5 12. Nc2 f5 13. f3 O-O 14. a4 fxe4
15. fxe4 Rb8 16. axb5 axb5 17. Be2 Bh6 18. g3 Kh8 19. Rf1 Bd7 20. Qd3 Qg5 21.
Nce3 Rxf1+ 22. Nxf1 b4 23. Nxb4 Nxb4 24. cxb4 Qf6 25. Ra6 Be6 26. Qxd6 Rf8 27.
Qc5 Rc8 28. Qxc8+ Bxc8 29. Rxf6 gxf6 30. Kd1 Bf8 31. b5 Bc5 32. Kc2 f5 33. Bd3
f4 34. gxf4 exf4 35. Kc3 Be6 36. b3 Bg1 37. Be2 Kg7 38. Nd2 Bxh2 39. Nf3 Bg3
40. Kb4 Kf6 41. Kc5 Ke7 42. b6 Kd8 43. Kd6 Bc8 44. Bb5 Bb7 45. Bc6 Kc8 46. e5
Bf2 47. Bxb7+ 1-0

[Event "SR 2. liga A 2015/2016"]
[Site "?"]
[Date "2016.02.13"]
[Round "8.6"]
[White "Kuna, Vladimir"]
[Black "Marosi, Csaba"]
[Result "1/2-1/2"]
[WhiteElo "2003"]
[BlackElo "2013"]
[PlyCount "20"]
[EventDate "2015.??.??"]

1. d4 e6 2. Nf3 c5 3. e3 a6 4. Be2 b5 5. O-O Bb7 6. b3 Nf6 7. Bb2 Be7 8. Nbd2
Qc7 9. Rc1 d6 10. c4 b4 1/2-1/2

[Event "SR 2. liga A 2015/2016"]
[Site "?"]
[Date "2016.02.13"]
[Round "8.6"]
[White "Meszaros, Lorant"]
[Black "Hecht, Tomas"]
[Result "1/2-1/2"]
[WhiteElo "2006"]
[BlackElo "1988"]
[PlyCount "44"]
[EventDate "2015.??.??"]

1. d4 Nf6 2. c4 e6 3. g3 d5 4. Nf3 Bb4+ 5. Bd2 Bxd2+ 6. Qxd2 O-O 7. Nc3 b6 8.
Bg2 Bb7 9. Ne5 c5 10. O-O Qc7 11. cxd5 exd5 12. Rac1 Re8 13. e3 Nbd7 14. Nb5
Qb8 15. Nxd7 Nxd7 16. dxc5 bxc5 17. Rfd1 a6 18. Nc3 d4 19. Bxb7 Qxb7 20. exd4
cxd4 21. Qxd4 Ne5 22. Qd5 Qxb2 1/2-1/2

[Event "SR 2. liga A 2015/2016"]
[Site "?"]
[Date "2016.02.14"]
[Round "9.1"]
[White "Rohacek, Miroslav"]
[Black "Sosna, Jan"]
[Result "1-0"]
[WhiteElo "2306"]
[BlackElo "2353"]
[PlyCount "53"]
[EventDate "2015.??.??"]

1. e4 e5 2. Nf3 Nc6 3. d4 exd4 4. Nxd4 Bc5 5. Be3 Bb6 6. Nf5 g6 7. Bxb6 axb6 8.
Ne3 d6 9. Nc3 Nf6 10. Be2 O-O 11. O-O Re8 12. f3 Nh5 13. Qd2 Nf4 14. Bb5 Bd7
15. Rad1 Ne5 16. Bxd7 Nxd7 17. Ng4 Ne6 18. a3 Ne5 19. Nd5 Nxg4 20. fxg4 Nc5 21.
Nf6+ Kg7 22. Nxe8+ Qxe8 23. Qd5 Ra4 24. b4 Ne6 25. e5 c6 26. Qb3 Qa8 27. exd6
1-0

[Event "SR 2. liga A 2015/2016"]
[Site "?"]
[Date "2016.02.14"]
[Round "9.1"]
[White "Stanec, Stanislav"]
[Black "Karas, Marek"]
[Result "1/2-1/2"]
[WhiteElo "2101"]
[BlackElo "2247"]
[PlyCount "114"]
[EventDate "2015.??.??"]

1. d4 Nf6 2. c4 e6 3. Nc3 Bb4 4. Bd2 O-O 5. a3 Bxc3 6. Bxc3 d6 7. e3 b6 8. Nf3
Ne4 9. Rc1 Bb7 10. Be2 Nd7 11. O-O c5 12. Nd2 Nxc3 13. Rxc3 Qe7 14. Bf3 cxd4
15. exd4 Nf6 16. Qe2 Rac8 17. Rfc1 Ba6 18. Qe3 Rc7 19. b4 Rfc8 20. h3 h6 21. c5
Bb5 22. cxb6 axb6 23. Rxc7 Rxc7 24. Rc3 Qd8 25. Nb1 Bc4 26. Qc1 d5 27. a4 Qd6
28. Qb2 e5 29. dxe5 Qxe5 30. Qc2 Ra7 31. Ra3 Qd6 32. Qc3 Rc7 33. a5 d4 34. Qb2
Re7 35. g3 bxa5 36. Rxa5 Bd3 37. Nd2 Rc7 38. Qa3 Bg6 39. Ra8+ Kh7 40. b5 Qxa3
41. Rxa3 Rc3 42. Rxc3 dxc3 43. Nb3 Nd7 44. Bc6 Ne5 45. f4 Nc4 46. Kf2 Bc2 47.
Nd4 Bd3 48. Nb3 Kg6 49. Nc1 Bb1 50. Ke2 Kf6 51. Bd5 Nb6 52. Ba2 Bf5 53. g4 Bd7
54. Kd3 Bxb5+ 55. Kxc3 g5 56. fxg5+ hxg5 57. Nd3 Bxd3 1/2-1/2

[Event "SR 2. liga A 2015/2016"]
[Site "?"]
[Date "2016.02.14"]
[Round "9.1"]
[White "Sahidi, Samir"]
[Black "Hudacek, Josef"]
[Result "1/2-1/2"]
[WhiteElo "2242"]
[BlackElo "2059"]
[PlyCount "104"]
[EventDate "2015.??.??"]

1. c4 Nf6 2. Nc3 g6 3. g3 Bg7 4. Bg2 e5 5. Nf3 d6 6. O-O O-O 7. d4 Nbd7 8. b3
Re8 9. Bb2 c6 10. e4 Qc7 11. Qc2 b6 12. Rad1 Bb7 13. Ba3 Bf8 14. Qc1 Rad8 15.
Rfe1 a6 16. Bh3 exd4 17. Rxd4 c5 18. Rd3 Bxe4 19. Nxe4 Rxe4 20. Red1 Rde8 21.
Bb2 Nh5 22. Bg2 R4e6 23. Ng5 R6e7 24. h4 Ndf6 25. Bf3 h6 26. Nh3 Re6 27. g4 Ng7
28. Nf4 Re5 29. Bxe5 dxe5 30. Nd5 Nxd5 31. Bxd5 e4 32. Rg3 Bd6 33. Rg2 Bf4 34.
Qc2 Qe7 35. h5 g5 36. Re1 e3 37. fxe3 Bxe3+ 38. Kh1 Qf6 39. Qd3 Qd4 40. Qf1 Bf4
41. Rge2 Rxe2 42. Qxe2 Qc3 43. Bf3 Ne6 44. Rf1 Nd4 45. Qg2 Nc2 46. Qe2 Nd4 47.
Qg2 Nc2 48. Qf2 Be3 49. Qe2 Nd4 50. Qg2 Bf4 51. Be4 Qe3 52. Bf3 Qc3 1/2-1/2

[Event "SR 2. liga A 2015/2016"]
[Site "?"]
[Date "2016.02.14"]
[Round "9.1"]
[White "Harastova, Viera"]
[Black "Kralovic, Andrej"]
[Result "0-1"]
[WhiteElo "1872"]
[BlackElo "2215"]
[PlyCount "78"]
[EventDate "2015.??.??"]

1. d4 Nf6 2. c4 e6 3. Nc3 Bb4 4. Qc2 d6 5. Bg5 Nbd7 6. Nf3 h6 7. Bh4 Qe7 8. e3
O-O 9. Be2 e5 10. O-O c6 11. a3 Ba5 12. b4 Bc7 13. d5 Re8 14. e4 Nf8 15. Bxf6
Qxf6 16. dxc6 bxc6 17. b5 Bb7 18. bxc6 Bxc6 19. Nd5 Qd8 20. Rab1 Ne6 21. g3 Nc5
22. Nh4 Ba4 23. Qc1 Nxe4 24. Nf5 Ba5 25. Rb7 Qg5 26. Qxg5 hxg5 27. Bh5 Rf8 28.
Nde7+ Kh8 29. Rfb1 Bb6 30. R1xb6 axb6 31. Ng6+ fxg6 32. Bxg6 Rf6 33. Rxg7 Rxf5
34. Rh7+ Kg8 35. Bxf5 Nc5 36. Rh6 Rd8 37. Rg6+ Kf7 38. Rxg5 Kf6 39. Rh5 Be8 0-1

[Event "SR 2. liga A 2015/2016"]
[Site "?"]
[Date "2016.02.14"]
[Round "9.1"]
[White "Kimerling, Martin"]
[Black "Vepy, Ivan"]
[Result "1-0"]
[WhiteElo "2142"]
[BlackElo "1920"]
[PlyCount "65"]
[EventDate "2015.??.??"]

1. d4 Nf6 2. c4 e6 3. Nc3 d5 4. cxd5 exd5 5. Bg5 Be7 6. e3 O-O 7. Bd3 h6 8. Bf4
Bd6 9. Bg3 c6 10. Nge2 Bg4 11. O-O Nh5 12. Bxd6 Qxd6 13. f3 Be6 14. e4 Nf4 15.
e5 Nxe2+ 16. Qxe2 Qd7 17. g4 c5 18. dxc5 a6 19. Kh1 Nc6 20. Rad1 Rae8 21. Bb1
Qc7 22. f4 d4 23. Qe4 g6 24. Nd5 Bxd5 25. Qxd5 Rd8 26. Qf3 Qe7 27. Qh3 Kg7 28.
f5 Qxe5 29. Rde1 Qxc5 30. f6+ Kh7 31. Rf5 Qb4 32. Ref1 Rfe8 33. Rh5 1-0

[Event "SR 2. liga A 2015/2016"]
[Site "?"]
[Date "2016.02.14"]
[Round "9.1"]
[White "Vogl, Zdenek"]
[Black "Macko, Miroslav"]
[Result "0-1"]
[WhiteElo "1907"]
[BlackElo "2193"]
[PlyCount "56"]
[EventDate "2015.??.??"]

1. e4 e5 2. Nf3 Nc6 3. Bb5 f5 4. Bxc6 dxc6 5. Nxe5 Qd4 6. Nf3 Qxe4+ 7. Qe2 Nf6
8. Qxe4+ fxe4 9. Nd4 Bc5 10. Nb3 Bb6 11. O-O a5 12. d4 exd3 13. cxd3 a4 14.
N3d2 Bf5 15. Re1+ Kf7 16. Ne4 Rhd8 17. Nbc3 Rxd3 18. Bf4 a3 19. b3 Ba5 20. Ng5+
Kg6 21. Nf3 Rxf3 22. gxf3 Bxc3 23. Bxc7 Bxa1 24. Rxa1 Bh3 25. f4 Re8 26. Bd6
Re2 27. Bc5 Ne4 28. Be3 Kf5 0-1

[Event "SR 2. liga A 2015/2016"]
[Site "?"]
[Date "2016.02.14"]
[Round "9.1"]
[White "Macko, Peter"]
[Black "Hrubsa, Marian"]
[Result "1/2-1/2"]
[WhiteElo "2146"]
[BlackElo "1827"]
[PlyCount "58"]
[EventDate "2015.??.??"]

1. e4 e6 2. d4 d5 3. Nc3 Nf6 4. Bg5 Be7 5. e5 Nfd7 6. h4 Bxg5 7. hxg5 Qxg5 8.
Nh3 Qe7 9. Nf4 Nb6 10. Qg4 g6 11. O-O-O Nc6 12. Bb5 Bd7 13. Nd3 O-O-O 14. Bxc6
Bxc6 15. Nc5 Nc4 16. Rde1 b6 17. Nd3 Bb7 18. Rh3 Kb8 19. Rf3 h5 20. Qf4 Rhf8
21. Nb1 Rc8 22. b3 Na3 23. Kb2 Nxb1 24. Rxb1 c5 25. c3 cxd4 26. cxd4 Ba6 27.
Ne1 Rc7 28. Rc1 Rfc8 29. Rxc7 Qxc7 1/2-1/2

[Event "SR 2. liga A 2015/2016"]
[Site "?"]
[Date "2016.02.14"]
[Round "9.1"]
[White "Planka, Peter"]
[Black "Lintner, Igor Ml"]
[Result "0-1"]
[WhiteElo "1749"]
[BlackElo "2058"]
[PlyCount "86"]
[EventDate "2015.??.??"]

1. e4 e6 2. d4 d5 3. Nd2 Nc6 4. Ngf3 Nf6 5. e5 Nd7 6. c3 f6 7. exf6 Qxf6 8. Be2
Bd6 9. O-O O-O 10. Nb3 a5 11. Bg5 Qf7 12. a4 e5 13. dxe5 Ndxe5 14. Nbd4 Nxd4
15. Nxd4 c5 16. Nf3 Be6 17. Nxe5 Bxe5 18. Bg4 Rae8 19. Bh4 Bxg4 20. Qxg4 Bc7
21. Bg3 Re4 22. Qd1 Bxg3 23. fxg3 Qxf1+ 24. Qxf1 Rxf1+ 25. Kxf1 Kf7 26. Kf2 Ke6
27. Kf3 Ke5 28. b3 d4 29. cxd4+ cxd4 30. Kf2 d3 31. Re1 Rxe1 32. Kxe1 Ke4 33.
Kd2 h5 34. h3 Kd4 35. g4 hxg4 36. hxg4 g5 37. Kd1 Kc3 38. Kc1 Kxb3 39. Kd2 Kc4
40. Kd1 Kc3 41. Kc1 d2+ 42. Kd1 Kd3 43. g3 Ke3 0-1

[Event "SR 2. liga A 2015/2016"]
[Site "?"]
[Date "2016.02.14"]
[Round "9.2"]
[White "Sosovicka, Juraj"]
[Black "Lanc, Alois"]
[Result "0-1"]
[WhiteElo "2208"]
[BlackElo "2327"]
[PlyCount "74"]
[EventDate "2015.??.??"]

1. b3 e5 2. Bb2 d6 3. d4 e4 4. d5 Nf6 5. e3 g6 6. c4 Bg7 7. Nc3 O-O 8. Nge2 a5
9. Nd4 Na6 10. a3 Bd7 11. Be2 Qe7 12. O-O h5 13. Nc2 Nc5 14. Nd4 Bg4 15. h3
Bxe2 16. Ncxe2 Nd3 17. Bc3 Bh6 18. Nc1 Ne5 19. Qe2 Nfd7 20. Nb5 c6 21. dxc6
bxc6 22. Nd4 a4 23. b4 Bg7 24. Na2 Nb6 25. c5 dxc5 26. bxc5 Nd5 27. Bb4 Nd3 28.
Nxc6 Qg5 29. Nd4 Rae8 30. g3 Bxd4 31. exd4 N3f4 32. Qe1 e3 33. h4 Qg4 34. f3
Qh3 35. gxf4 Nxf4 36. Rf2 exf2+ 37. Qxf2 Ne2+ 0-1

[Event "SR 2. liga A 2015/2016"]
[Site "?"]
[Date "2016.02.14"]
[Round "9.2"]
[White "Bango, Lukas"]
[Black "Duben, Igor"]
[Result "0-1"]
[WhiteElo "2111"]
[BlackElo "2208"]
[PlyCount "118"]
[EventDate "2015.??.??"]

1. e4 e6 2. d4 d5 3. Nd2 c5 4. exd5 exd5 5. Ngf3 Nf6 6. Bb5+ Bd7 7. Bxd7+ Nbxd7
8. O-O Be7 9. dxc5 Nxc5 10. Nb3 Nce4 11. Qe2 O-O 12. Bf4 Re8 13. Qb5 Qc8 14.
Rac1 a6 15. Qd3 Bd6 16. Bxd6 Nxd6 17. Nbd4 Qc4 18. Rfd1 Qxa2 19. Nf5 Nxf5 20.
Qxf5 Qxb2 21. Rb1 Qc3 22. Rxb7 Rac8 23. g4 g6 24. Qd3 Qxc2 25. Qxc2 Rxc2 26.
Nd4 Ra2 27. f3 h6 28. h4 Re3 29. Rb8+ Re8 30. Rxe8+ Nxe8 31. Nc6 Nc7 32. Kf1
Kf8 33. Nb4 Rh2 34. Rd3 Rxh4 35. Kg2 h5 36. Kg3 Rh1 37. gxh5 Rxh5 38. Ra3 d4
39. Nxa6 Nxa6 40. Rxa6 Rd5 41. Kf2 d3 42. Ke1 d2+ 43. Kd1 Kg7 44. Ra4 Kf6 45.
Ra3 Kf5 46. Ra7 f6 47. Ra6 g5 48. Rb6 Ke5 49. Rb4 f5 50. Ra4 Rd4 51. Ra3 Kf4
52. Rb3 Kg3 53. Rb5 Rf4 54. Kxd2 Rxf3 55. Ke2 g4 56. Ra5 f4 57. Rb5 Ra3 58. Rb2
f3+ 59. Ke1 Ra1+ 0-1

[Event "SR 2. liga A 2015/2016"]
[Site "?"]
[Date "2016.02.14"]
[Round "9.2"]
[White "Oprea, Erik"]
[Black "Kozinka, Roman"]
[Result "1-0"]
[WhiteElo "2118"]
[BlackElo "1972"]
[PlyCount "79"]
[EventDate "2015.??.??"]

1. c4 Nf6 2. Nc3 g6 3. e4 d6 4. d4 Bg7 5. f3 Nc6 6. Be3 e5 7. d5 Ne7 8. Qd2 O-O
9. O-O-O Nd7 10. g4 f5 11. gxf5 gxf5 12. h4 f4 13. Bf2 a6 14. Kb1 Kh8 15. Bd3
Nf6 16. Nh3 h6 17. Rdg1 Nh7 18. Be1 Bf6 19. Ng5 Qe8 20. Nxh7 Kxh7 21. h5 Rg8
22. Qh2 Bd7 23. Bf1 Rxg1 24. Rxg1 Qf7 25. Bh3 Bxh3 26. Qxh3 Rg8 27. Rxg8 Qxg8
28. Bf2 Qc8 29. Qh1 Bg5 30. c5 Ng8 31. Na4 Nf6 32. cxd6 b5 33. Qc1 Nxd5 34.
exd5 Qf5+ 35. Qc2 Qxc2+ 36. Kxc2 cxd6 37. Nc3 Kg7 38. Ne4 Be7 39. Bb6 Kf7 40.
Bc7 1-0

[Event "SR 2. liga A 2015/2016"]
[Site "?"]
[Date "2016.02.14"]
[Round "9.2"]
[White "Lopatievov, Alexander"]
[Black "Sosovicka, Jakub"]
[Result "0-1"]
[WhiteElo "1893"]
[BlackElo "1819"]
[PlyCount "118"]
[EventDate "2015.??.??"]

1. b4 e5 2. Bb2 Bxb4 3. Bxe5 Nf6 4. e3 O-O 5. Nf3 Nc6 6. Bb2 d5 7. Be2 Bf5 8.
O-O Re8 9. Nh4 Bg6 10. Nxg6 hxg6 11. d3 Qe7 12. Nd2 Rad8 13. Nf3 d4 14. e4 Ba3
15. Qc1 Bxb2 16. Qxb2 b6 17. c4 Qb4 18. Rab1 Qxb2 19. Rxb2 Nd7 20. Nd2 Nc5 21.
f4 Na4 22. Rb3 Nc3 23. Bf3 Nxa2 24. Nb1 Nab4 25. e5 a5 26. Rd1 Ne7 27. g4 Nc2
28. Rb2 Nb4 29. Na3 c6 30. Nc2 Nxc2 31. Rxc2 Ra8 32. Rb2 Reb8 33. Rdb1 Ra6 34.
Be4 a4 35. f5 gxf5 36. gxf5 a3 37. Ra2 b5 38. f6 Ng6 39. Rb4 Nxe5 40. cxb5 cxb5
41. fxg7 Kxg7 42. Kf1 Kf6 43. h4 Ng4 44. Bf3 Nh2+ 45. Kf2 Nxf3 46. Kxf3 Kf5 47.
Kg3 Ke5 48. Kf3 Kd5 49. Kf4 Kc5 50. Rb1 b4 51. Rc2+ Kd5 52. Rbc1 a2 53. Rc5+
Kd6 54. Ke4 a1=Q 55. Rd5+ Ke7 56. Rc7+ Kf8 57. Rdd7 Re6+ 58. Kd5 Qa5+ 59. Kxd4
Rd6+ 0-1

[Event "SR 2. liga A 2015/2016"]
[Site "?"]
[Date "2016.02.14"]
[Round "9.2"]
[White "Hurban, Martin"]
[Black "Capanda, Jan"]
[Result "1-0"]
[WhiteElo "1948"]
[BlackElo "1876"]
[PlyCount "77"]
[EventDate "2015.??.??"]

1. e4 Nf6 2. e5 Nd5 3. d4 e6 4. Nf3 d6 5. c4 Nb6 6. Nc3 dxe5 7. Nxe5 N8d7 8.
Nf3 h6 9. Be3 Be7 10. b3 Bf6 11. Qc2 Qe7 12. Be2 c5 13. Rd1 cxd4 14. Nxd4 O-O
15. O-O Be5 16. Rfe1 Nf6 17. Bf3 Nbd7 18. Ne4 a6 19. g3 Bc7 20. Bc1 Nxe4 21.
Qxe4 Ne5 22. Bg2 Nd7 23. Bb2 Qc5 24. Nxe6 fxe6 25. Qxe6+ Rf7 26. Bd5 Qxf2+ 27.
Kh1 Nf8 28. Qe2 Be6 29. Bxe6 Nxe6 30. Qxe6 Qxb2 31. Rf1 Raf8 32. Rxf7 Rxf7 33.
Rf1 Qe5 34. Qxf7+ Kh8 35. Qf8+ Kh7 36. Qf5+ Kg8 37. Qxe5 Bxe5 38. Kg2 Bf6 39.
Rd1 1-0